Paintings that changed the world : (Record no. 608344)
[ view plain ]
| 000 -LEADER | |
|---|---|
| fixed length control field | 01250cam a2200373 a 4500 |
| 001 - CONTROL NUMBER | |
| control field | 2626985 |
| 003 - CONTROL NUMBER IDENTIFIER | |
| control field | OSt |
| 005 - DATE AND TIME OF LATEST TRANSACTION | |
| control field | 20240227131111.0 |
| 008 - FIXED-LENGTH DATA ELEMENTS--GENERAL INFORMATION | |
| fixed length control field | 981030s1998 gw a b 001 0 eng d |
| 010 ## - LIBRARY OF CONGRESS CONTROL NUMBER | |
| LC control number | 98231241 |
| 020 ## - INTERNATIONAL STANDARD BOOK NUMBER | |
| International Standard Book Number | 3791319833 |
| 020 ## - INTERNATIONAL STANDARD BOOK NUMBER | |
| International Standard Book Number | 9783791329864 |
| 024 1# - OTHER STANDARD IDENTIFIER | |
| Standard number or code | 97837913198343 |
| 035 ## - SYSTEM CONTROL NUMBER | |
| System control number | (OCoLC)40197829 |
| 040 ## - CATALOGING SOURCE | |
| Original cataloging agency | IArlh |
| Transcribing agency | IArlh |
| Modifying agency | OCoLC |
| -- | OHX |
| -- | DLC |
| 041 1# - LANGUAGE CODE | |
| Language code of text/sound track or separate title | eng |
| Language code of original | ger |
| 042 ## - AUTHENTICATION CODE | |
| Authentication code | lccopycat |
| 050 00 - LIBRARY OF CONGRESS CALL NUMBER | |
| Classification number | ND1145 |
| Item number | .R4513 1998 |
| 072 #7 - SUBJECT CATEGORY CODE | |
| Subject category code | ND |
| Source | lcco |
| 082 00 - DEWEY DECIMAL CLASSIFICATION NUMBER | |
| Classification number | 759 |
| Edition number | 21 |
| Author Mark | REI 1998 |
| 100 1# - MAIN ENTRY--PERSONAL NAME | |
| Personal name | Reichold, Klaus. |
| 9 (RLIN) | 121491 |
| 240 10 - UNIFORM TITLE | |
| Uniform title | Bilder, die die Welt bewegten. |
| Language of a work | English |
| 245 10 - TITLE STATEMENT | |
| Title | Paintings that changed the world : |
| Remainder of title | from Lascaux to Picasso / |
| Statement of responsibility, etc. | Klaus Reichold, Bernhard Graf. |
| 260 ## - PUBLICATION, DISTRIBUTION, ETC. | |
| Place of publication, distribution, etc. | Munich ; |
| -- | New York : |
| Name of publisher, distributor, etc. | Prestel, |
| Date of publication, distribution, etc. | c1998. |
| 300 ## - PHYSICAL DESCRIPTION | |
| Extent | 192 p. : |
| Other physical details | col. ill. ; |
| Dimensions | 31 cm. |
| 500 ## - GENERAL NOTE | |
| General note | Includes index. |
| 504 ## - BIBLIOGRAPHY, ETC. NOTE | |
| Bibliography, etc. note | Includes bibliographical references (p. 188-191). |
| 650 #0 - SUBJECT ADDED ENTRY--TOPICAL TERM | |
| Topical term or geographic name entry element | Painting |
| General subdivision | Themes, motives. |
| 9 (RLIN) | 121492 |
| 650 #0 - SUBJECT ADDED ENTRY--TOPICAL TERM | |
| Topical term or geographic name entry element | Painters |
| General subdivision | Psychology. |
| 9 (RLIN) | 121493 |
| 700 1# - ADDED ENTRY--PERSONAL NAME | |
| Personal name | Graf, Bernhard, |
| Dates associated with a name | 1962- |
| 9 (RLIN) | 121494 |
| 906 ## - LOCAL DATA ELEMENT F, LDF (RLIN) | |
| a | 7 |
| b | cbc |
| c | copycat |
| d | 2 |
| e | ncip |
| f | 19 |
| g | y-gencatlg |
| 942 ## - ADDED ENTRY ELEMENTS (KOHA) | |
| Source of classification or shelving scheme | |
| Koha item type | Book |
| Institution code [OBSOLETE] | SADA |
| Call number prefix | 759 REI 1998 |
| Withdrawn status | Lost status | Source of classification or shelving scheme | Damaged status | Not for loan | Permanent Location | Current Location | Date acquired | Source of acquisition | Total Checkouts | Full call number | Barcode | Date last seen | Price effective from | Koha item type |
|---|---|---|---|---|---|---|---|---|---|---|---|---|---|---|
| School of Art Design and Architecture (SADA) | School of Art Design and Architecture (SADA) | 05/09/2019 | Donation | 759 REI 1998 | SADAD0000421 | 02/27/2024 | 02/27/2024 | Book |
